[Event "Voronezh Petrovsky op"]
[Site "Voronezh"]
[Date "2022.06.13"]
[Round "5"]
[White "Klimentov, Roman"]
[Black "Popov, Maksim1"]
[Result "0-1"]
[WhiteElo "2154"]
[BlackElo "2278"]
[PlyCount "84"]
[EventDate "2022.06.10"]
[EventType "swiss"]
[EventRounds "9"]
[EventCountry "RUS"]
[SourceTitle "EXT 2023"]
[Source "ChessBase"]
[SourceDate "2022.10.05"]
[SourceVersion "1"]
[SourceVersionDate "2022.10.05"]
[SourceQuality "1"]

1. e4 c5 2. Nf3 Nc6 3. Bb5 d6 4. 0-0 Bd7 5. Re1 Nf6 6. c3 a6 7. Bf1 Bg4 8. d4 d5 9. e5 Nd7 10. Be3 e6 11. Nbd2 cxd4 12. cxd4 Bb4 13. a3 Bxf3 14. Qxf3 Bxd2 15. Bxd2 Qh4 16. Qb3 Rb8 17. f4 Nxd4 18. Qc3 Nc6 19. Bxa6 0-0 20. Bxb7 Rxb7 21. Qxc6 Rxb2 22. Qc1 Rfb8 23. a4 Nc5 24. Qxc5 Rxd2 25. Reb1 Rxb1+ 26. Rxb1 h5 27. Qe3 Ra2 28. Rc1 Qg4 29. Qg3 Qxg3 30. hxg3 Rxa4 31. Rc8+ Kh7 32. Rc7 Kg6 33. Rd7 Rb4 34. Kf2 h4 35. f5+ Kxf5 36. Rxf7+ Kxe5 37. Rxg7 Rb2+ 38. Kf1 hxg3 39. Rxg3 d4 40. Rg8 Ke4 41. g4 d3 42. g5 Rb1+ 0-1

[Event "Voronezh Petrovsky op"]
[Site "Voronezh"]
[Date "2022.06.10"]
[Round "1"]
[White "Klimentov, Roman"]
[Black "Zakhartsov, Vladimir"]
[Result "0-1"]
[WhiteElo "2154"]
[BlackElo "2483"]
[PlyCount "114"]
[EventDate "2022.06.10"]
[EventType "swiss"]
[EventRounds "9"]
[EventCountry "RUS"]
[SourceTitle "EXT 2023"]
[Source "ChessBase"]
[SourceDate "2022.10.05"]
[SourceVersion "1"]
[SourceVersionDate "2022.10.05"]
[SourceQuality "1"]

1. e4 c5 2. Nf3 Nc6 3. d4 cxd4 4. Nxd4 g6 5. c4 Nf6 6. Nc3 d6 7. Be2 Nxd4 8. Qxd4 Bg7 9. Be3 0-0 10. Qd2 a5 11. 0-0 a4 12. Rab1 Qa5 13. Rfc1 Be6 14. b4 axb3 15. axb3 Rfc8 16. f3 Nd7 17. Rc2 Qb4 18. Nb5 Qxd2 19. Rxd2 Nc5 20. g4 Bd7 21. Kf2 Be5 22. h3 Ne6 23. h4 Nf4 24. Nd4 Ra3 25. Bf1 f6 26. Ne2 g5 27. c5 Be6 28. hxg5 fxg5 29. cxd6 Bxd6 30. Nd4 Bb4 31. Rdb2 Bc3 32. Rc2 Ba1 33. Rxc8+ Bxc8 34. Bc4+ Kf8 35. Nc2 Ra2 36. Rxa1 Rxc2+ 37. Kf1 Be6 38. Bxf4 Bxc4+ 39. bxc4 gxf4 40. Rb1 Rxc4 41. Rxb7 Kf7 42. Rb5 e6 43. Rb7+ Kg6 44. Re7 Rc6 45. Ke2 h6 46. e5 Kg5 47. Rg7+ Kh4 48. Rg6 Kg3 49. Rxh6 Rc3 50. Rxe6 Rxf3 51. Re8 Ra3 52. e6 f3+ 53. Kd2 f2 54. Rf8 Ra6 55. e7 Re6 56. g5 Rxe7 57. g6 Kg2 0-1

[Event "Voronezh op-A 23rd"]
[Site "Voronezh"]
[Date "2019.06.20"]
[Round "8"]
[White "Klimentov, Roman"]
[Black "Pavlov, Mark"]
[Result "1-0"]
[WhiteElo "2163"]
[BlackElo "2031"]
[PlyCount "87"]
[EventDate "2019.06.12"]
[EventType "swiss"]
[EventRounds "9"]
[EventCountry "RUS"]
[SourceTitle "EXT 2020"]
[Source "ChessBase"]
[SourceDate "2019.10.17"]
[SourceVersion "1"]
[SourceVersionDate "2019.10.17"]
[SourceQuality "1"]

1. e4 e6 2. d4 d5 3. Nd2 c5 4. Ngf3 Nf6 5. exd5 exd5 6. Bb5+ Bd7 7. Bxd7+ Nbxd7 8. 0-0 Be7 9. dxc5 Nxc5 10. Re1 0-0 11. Nf1 Nce4 12. Be3 Re8 13. Bd4 Qc7 14. c3 Rad8 15. Qa4 b6 16. Ne3 Bc5 17. Rad1 Bxd4 18. Nxd4 Qf4 19. Qc2 g6 20. g3 Qc7 21. Kg2 h5 22. Nf3 Qb7 23. Rd4 Nc5 24. Rdd1 Ne6 25. Nd4 Ng5 26. h4 Nge4 27. f3 Nd6 28. Qd2 Nc4 29. Nxc4 dxc4 30. Qg5 Nh7 31. Qb5 Qc8 32. Rxe8+ Rxe8 33. Rd2 Nf8 34. Qc6 Qxc6 35. Nxc6 Ne6 36. Nxa7 Ra8 37. Nb5 Rxa2 38. Na3 Nc5 39. Nxc4 Na4 40. Kf1 b5 41. Ne3 Nxc3 42. Rd8+ Kg7 43. bxc3 Ra3 44. Nd5 1-0

[Event "Voronezh op-A 23rd"]
[Site "Voronezh"]
[Date "2019.06.16"]
[Round "5"]
[White "Tomilova, Elena"]
[Black "Klimentov, Roman"]
[Result "1/2-1/2"]
[WhiteElo "2289"]
[BlackElo "2163"]
[PlyCount "107"]
[EventDate "2019.06.12"]
[EventType "swiss"]
[EventRounds "9"]
[EventCountry "RUS"]
[SourceTitle "EXT 2020"]
[Source "ChessBase"]
[SourceDate "2019.10.17"]
[SourceVersion "1"]
[SourceVersionDate "2019.10.17"]
[SourceQuality "1"]

1. d4 Nf6 2. Bg5 e6 3. e4 h6 4. Bxf6 Qxf6 5. c3 d5 6. Nd2 g6 7. Ngf3 Bg7 8. Bd3 0-0 9. e5 Qe7 10. b4 a5 11. a3 Bd7 12. h4 b6 13. b5 a4 14. 0-0 c6 15. bxc6 Nxc6 16. h5 g5 17. Nh2 f6 18. exf6 Bxf6 19. Ng4 Bg7 20. Re1 e5 21. Nxe5 Nxe5 22. dxe5 Qc5 23. Nf3 Bg4 24. Bb1 Qxc3 25. Qxd5+ Kh8 26. Qe4 Bf5 27. Qd4 Qc8 28. Ba2 Qe8 29. Qxb6 Qxh5 30. Rad1 Rae8 31. Qb4 g4 32. Nd4 g3 33. fxg3 Rxe5 34. Nxf5 Rxe1+ 35. Rxe1 Qxf5 36. Bb1 Qf2+ 37. Kh2 Qd4 38. Qxd4 Bxd4 39. Re4 Rd8 40. Bc2 Rd5 41. Kh3 Bc5 42. Rxa4 Bd6 43. Ra6 Rh5+ 44. Kg4 Rg5+ 45. Kf3 Rxg3+ 46. Kf2 Rc3 47. Rxd6 Rxc2+ 48. Kg1 Kg7 49. Ra6 Ra2 50. Kh2 Ra1 51. Kh3 Ra2 52. g3 Ra1 53. Kg2 Ra2+ 54. Kf3 1/2-1/2

[Event "Voronezh Region-ch"]
[Site "Voronezh"]
[Date "2018.11.29"]
[Round "7"]
[White "Klimentov, Roman"]
[Black "Lukovnikov, Alexander"]
[Result "1-0"]
[WhiteElo "2156"]
[BlackElo "2208"]
[PlyCount "87"]
[EventDate "2018.11.23"]
[EventType "swiss"]
[EventRounds "9"]
[EventCountry "RUS"]
[SourceTitle "CBM 188 Extra"]
[Source "ChessBase"]
[SourceDate "2019.02.28"]
[SourceVersion "1"]
[SourceVersionDate "2019.02.28"]
[SourceQuality "1"]

1. e4 e5 2. Nf3 Nc6 3. Bb5 a6 4. Ba4 Nf6 5. 0-0 Be7 6. d3 d6 7. c3 0-0 8. Nbd2 b5 9. Bc2 Bb7 10. Re1 Re8 11. Nf1 Bf8 12. a4 g6 13. h3 Bg7 14. Ne3 d5 15. axb5 axb5 16. Rxa8 Bxa8 17. Nxd5 Nxd5 18. exd5 Qxd5 19. d4 Qd7 20. dxe5 Qxd1 21. Rxd1 Nxe5 22. Nxe5 Bxe5 23. Be3 Bc6 24. Bb3 Kg7 25. Bc5 Bf6 26. Kf1 h5 27. Bd4 Bxd4 28. Rxd4 Re4 29. Rxe4 Bxe4 30. g3 c5 31. Ke2 Kf6 32. Ke3 Bf5 33. h4 c4 34. Bd1 Ke5 35. Bf3 Bd7 36. Bb7 f6 37. Be4 Be8 38. f4+ Kd6 39. Kd4 Bf7 40. Bf3 Be6 41. Be4 Bf5 42. Bd5 Bc2 43. Be4 Bxe4 44. Kxe4 1-0

[Event "Voronezh Region-ch"]
[Site "Voronezh"]
[Date "2018.11.27"]
[Round "5"]
[White "Klimentov, Roman"]
[Black "Shestakova, Ekaterina"]
[Result "1-0"]
[WhiteElo "2156"]
[BlackElo "1886"]
[PlyCount "51"]
[EventDate "2018.11.23"]
[EventType "swiss"]
[EventRounds "9"]
[EventCountry "RUS"]
[SourceTitle "CBM 188 Extra"]
[Source "ChessBase"]
[SourceDate "2019.02.28"]
[SourceVersion "1"]
[SourceVersionDate "2019.02.28"]
[SourceQuality "1"]

1. e4 c5 2. Nf3 Nc6 3. Bb5 g6 4. 0-0 Bg7 5. Re1 Nh6 6. c3 0-0 7. h3 f6 8. d4 cxd4 9. cxd4 d6 10. Nc3 Nf7 11. Be3 a6 12. Bf1 Bd7 13. d5 Nce5 14. Nd4 Qc8 15. Na4 Bxa4 16. Qxa4 b5 17. Qb3 Qb7 18. a4 b4 19. a5 Rfc8 20. Rec1 Nd8 21. Rxc8 Qxc8 22. Qxb4 Rb8 23. Rc1 Qb7 24. Qxb7 Nxb7 25. b4 Kf7 26. Bxa6 1-0

[Event "Voronezh Region-ch"]
[Site "Voronezh"]
[Date "2018.11.24"]
[Round "2"]
[White "Agadjanian, Sergey"]
[Black "Klimentov, Roman"]
[Result "0-1"]
[WhiteElo "1979"]
[BlackElo "2156"]
[PlyCount "50"]
[EventDate "2018.11.23"]
[EventType "swiss"]
[EventRounds "9"]
[EventCountry "RUS"]
[SourceTitle "CBM 188 Extra"]
[Source "ChessBase"]
[SourceDate "2019.02.28"]
[SourceVersion "1"]
[SourceVersionDate "2019.02.28"]
[SourceQuality "1"]

1. Nf3 Nf6 2. g3 g6 3. Bg2 Bg7 4. 0-0 0-0 5. c4 d6 6. d4 Nc6 7. Nc3 a6 8. e4 Bg4 9. Be3 Nd7 10. Qd2 Bxf3 11. Bxf3 e5 12. d5 Nd4 13. Bg2 c5 14. f4 exf4 15. Rxf4 Ne5 16. b3 b5 17. cxb5 Nxb5 18. Nxb5 axb5 19. Raf1 Qa5 20. R1f2 Qxd2 21. Rxd2 Ra3 22. h3 Bh6 23. Kf2 Rfa8 24. Rf6 Bxe3+ 25. Kxe3 Nc4+ 0-1

[Event "RUS GP rap"]
[Site "Serpukhov"]
[Date "2018.02.24"]
[Round "10"]
[White "Klimentov, Roman"]
[Black "Novikov, Aleksey"]
[Result "1-0"]
[WhiteElo "2211"]
[BlackElo "1869"]
[PlyCount "67"]
[EventDate "2018.02.23"]
[EventType "swiss (rapid)"]
[EventRounds "11"]
[EventCountry "RUS"]
[SourceTitle "CBM 183 Extra"]
[Source "ChessBase"]
[SourceDate "2018.04.19"]
[SourceVersion "1"]
[SourceVersionDate "2018.04.19"]
[SourceQuality "1"]

1. e4 e5 2. Nf3 Nc6 3. Bb5 a6 4. Ba4 Nf6 5. 0-0 Be7 6. d3 d6 7. c3 0-0 8. h3 h6 9. Nbd2 Bd7 10. Bc2 Re8 11. d4 Bf8 12. Re1 g6 13. Nf1 Bg7 14. a3 b5 15. b4 a5 16. dxe5 Nxe5 17. Nxe5 Rxe5 18. Bf4 Re7 19. Qd2 axb4 20. axb4 Rxa1 21. Rxa1 Kh7 22. f3 Bc6 23. Ne3 Qb8 24. Ng4 Nxg4 25. hxg4 Qb7 26. Kf2 d5 27. Rh1 dxe4 28. Bxh6 e3+ 29. Bxe3+ Kg8 30. Bd4 Rd7 31. Qe3 Bxd4 32. cxd4 Qa8 33. Qh6 f6 34. Bb3+ 1-0

[Event "RUS GP rap"]
[Site "Serpukhov"]
[Date "2018.02.23"]
[Round "5"]
[White "Hasangatin, Ramil"]
[Black "Klimentov, Roman"]
[Result "1-0"]
[WhiteElo "2502"]
[BlackElo "2211"]
[PlyCount "115"]
[EventDate "2018.02.23"]
[EventType "swiss (rapid)"]
[EventRounds "11"]
[EventCountry "RUS"]
[SourceTitle "CBM 183 Extra"]
[Source "ChessBase"]
[SourceDate "2018.04.19"]
[SourceVersion "1"]
[SourceVersionDate "2018.04.19"]
[SourceQuality "1"]

1. e4 c5 2. Nf3 e6 3. g3 d6 4. Bg2 Nf6 5. Qe2 Nc6 6. c3 Be7 7. 0-0 0-0 8. Re1 e5 9. d3 h6 10. Nbd2 Re8 11. a3 Bf8 12. b4 a6 13. Bb2 b5 14. d4 cxd4 15. cxd4 Bb7 16. d5 Ne7 17. Nb3 Rc8 18. Na5 Ba8 19. Bh3 Rb8 20. Rac1 g5 21. Nd2 h5 22. Rc2 g4 23. Bg2 Qb6 24. Nf1 Rec8 25. Rxc8 Rxc8 26. h3 Qc7 27. hxg4 hxg4 28. Nh2 Qd7 29. Bc1 Rc3 30. Bg5 Nh7 31. Nxg4 Bg7 32. Bxe7 Qxe7 33. Ne3 Nf6 34. Qb2 Rc8 35. Re2 Bf8 36. Rc2 Qd7 37. Qc1 Bb7 38. Kh2 Rxc2 39. Qxc2 Bc8 40. Nf5 Ne8 41. Bh3 Qc7 42. Nc6 Bxf5 43. Bxf5 Bh6 44. Kg2 Ng7 45. Bc8 Qb6 46. Ne7+ Kf8 47. Qc6 Qd4 48. Qxd6 Qxe4+ 49. Kh2 Bg5 50. Nc6+ Kg8 51. Qxe5 Qxe5 52. Nxe5 Bc1 53. Bxa6 Bxa3 54. Nc6 Nf5 55. Bxb5 Nd6 56. Bd3 Kf8 57. f4 Ke8 58. Kh3 1-0

[Event "Voronezh Region-ch"]
[Site "Voronezh"]
[Date "2017.12.20"]
[Round "8"]
[White "Tatarintsev, Egor"]
[Black "Klimentov, Roman"]
[Result "0-1"]
[WhiteElo "2125"]
[BlackElo "2195"]
[PlyCount "60"]
[EventDate "2017.12.12"]
[EventType "swiss"]
[EventRounds "9"]
[EventCountry "RUS"]
[SourceTitle "CBM 182 Extra"]
[Source "ChessBase"]
[SourceDate "2018.02.23"]
[SourceVersion "1"]
[SourceVersionDate "2018.02.23"]
[SourceQuality "1"]

1. d4 Nf6 2. c4 c5 3. d5 e5 4. Nc3 d6 5. e4 Be7 6. f4 exf4 7. Bxf4 0-0 8. Be2 Ne8 9. Nf3 Bg4 10. Qd2 Nd7 11. 0-0 Bxf3 12. gxf3 a6 13. Kh1 Bf6 14. Rg1 Qe7 15. Nd1 Be5 16. Bxe5 Qxe5 17. Ne3 Kh8 18. Rg3 g6 19. Rag1 Nef6 20. Rg5 Qe7 21. R1g2 Rae8 22. Qc3 Ne5 23. R2g3 h6 24. Rh3 Nxe4 25. Rxh6+ Kg8 26. fxe4 Qxg5 27. Ng4 Kg7 28. Rh3 Qf4 29. Kg1 Rh8 30. Rg3 Qxe4 0-1

[Event "Voronezh Region-ch"]
[Site "Voronezh"]
[Date "2017.12.13"]
[Round "1"]
[White "Provotorov, Ivan"]
[Black "Klimentov, Roman"]
[Result "1-0"]
[WhiteElo "2375"]
[BlackElo "2195"]
[PlyCount "97"]
[EventDate "2017.12.12"]
[EventType "swiss"]
[EventRounds "9"]
[EventCountry "RUS"]
[SourceTitle "CBM 182 Extra"]
[Source "ChessBase"]
[SourceDate "2018.02.23"]
[SourceVersion "1"]
[SourceVersionDate "2018.02.23"]
[SourceQuality "1"]

1. d4 Nf6 2. c4 g6 3. Nc3 Bg7 4. e4 d6 5. f3 0-0 6. Nge2 c5 7. d5 a6 8. Bg5 h6 9. Be3 e6 10. Qd2 exd5 11. cxd5 Nbd7 12. a4 Ne5 13. Nc1 Kh7 14. Be2 b6 15. 0-0 Rb8 16. Rb1 Qc7 17. h3 c4 18. b4 Re8 19. f4 Ned7 20. Bf3 Ng8 21. N1e2 Nf8 22. Nd4 Ne7 23. b5 Bxd4 24. Bxd4 Nd7 25. Bf2 f6 26. Rfe1 Ng8 27. h4 a5 28. h5 g5 29. e5 gxf4 30. e6 Ne5 31. Be4+ Kh8 32. Qxf4 Qg7 33. Bh4 Rf8 34. Bf5 Bb7 35. Re3 Qc7 36. Rg3 Rbe8 37. Kh2 Re7 38. Rxg8+ Kxg8 39. Ne4 Bxd5 40. Nxf6+ Rxf6 41. Bxf6 Bxe6 42. Qg3+ Kf8 43. Bxe7+ Qxe7 44. Bxe6 Qxe6 45. Rf1+ Ke8 46. Qg7 Nf7 47. Kh1 Qd5 48. Qg8+ Ke7 49. Re1+ 1-0

[Event "Moscow op-A 13th"]
[Site "Moscow"]
[Date "2017.02.02"]
[Round "6"]
[White "Klimentov, Roman"]
[Black "Ofitserian, Boris"]
[Result "0-1"]
[WhiteElo "2238"]
[BlackElo "2365"]
[PlyCount "80"]
[EventDate "2017.01.28"]
[EventType "swiss"]
[EventRounds "9"]
[EventCountry "RUS"]
[SourceTitle "EXT 2018"]
[Source "ChessBase"]
[SourceDate "2017.10.13"]
[SourceVersion "1"]
[SourceVersionDate "2017.10.13"]
[SourceQuality "1"]

1. e4 c5 2. Nf3 d6 3. Bb5+ Nd7 4. d4 cxd4 5. Qxd4 a6 6. Bxd7+ Bxd7 7. c4 e5 8. Qd3 b5 9. Nc3 bxc4 10. Qxc4 Be6 11. Qd3 h6 12. 0-0 Nf6 13. Rd1 Be7 14. Ne1 0-0 15. Nc2 Qb6 16. Ne3 Rac8 17. Rb1 Qb7 18. Bd2 Rc6 19. Ned5 Rfc8 20. h3 Bd8 21. Rdc1 Rc4 22. Nxf6+ Bxf6 23. Be3 Be7 24. b3 R4c6 25. Nd5 Bd8 26. Rxc6 Rxc6 27. Rc1 Rxc1+ 28. Bxc1 Qc6 29. Ba3 a5 30. Bxd6 Bxd5 31. Qxd5 Qc1+ 32. Kh2 Qf4+ 33. Kg1 Bb6 34. Bxe5 Qxf2+ 35. Kh2 Qg1+ 36. Kg3 Qe1+ 37. Kg4 Qe2+ 38. Kg3 Bg1 39. h4 h5 40. Qd8+ Kh7 0-1

[Event "Voronezh op-A 20th"]
[Site "Voronezh"]
[Date "2016.06.15"]
[Round "4"]
[White "Avalyan, Artur"]
[Black "Klimentov, Roman"]
[Result "1/2-1/2"]
[WhiteElo "2068"]
[BlackElo "2239"]
[PlyCount "129"]
[EventDate "2016.06.12"]
[EventType "swiss"]
[EventRounds "9"]
[EventCountry "RUS"]
[SourceTitle "EXT 2019"]
[Source "ChessBase"]
[SourceDate "2018.10.10"]
[SourceVersion "1"]
[SourceVersionDate "2018.10.10"]
[SourceQuality "1"]

1. e4 c5 2. Nf3 Nc6 3. d4 cxd4 4. Nxd4 Nf6 5. Nc3 e5 6. Ndb5 d6 7. Bg5 a6 8. Na3 b5 9. Nd5 Be7 10. Bxf6 Bxf6 11. c3 Rb8 12. Nc2 Bg5 13. Be2 0-0 14. 0-0 Be6 15. Ncb4 Qc8 16. Qd3 Nxb4 17. Nxb4 a5 18. Nd5 Qd7 19. Rad1 Rfc8 20. Qg3 Qd8 21. Bg4 Rc4 22. Rfe1 Bxd5 23. Rxd5 Be7 24. Qd3 Qc7 25. Bd1 b4 26. Be2 Rc5 27. c4 Rxd5 28. Qxd5 Qc5 29. Qxc5 dxc5 30. Rd1 b3 31. a3 f5 32. Bf3 g6 33. exf5 gxf5 34. Bd5+ Kg7 35. f3 Bf6 36. Rd2 e4 37. fxe4 Bd4+ 38. Kf1 f4 39. Bc6 Kf6 40. Ba4 Ke5 41. Rd3 Kxe4 42. Ke2 Bxb2 43. Bxb3 Bd4 44. Bc2 Ke5 45. Rb3 Rxb3 46. Bxb3 Bb2 47. Kd3 Bxa3 48. Ba4 Bb4 49. Bc6 Be1 50. Ba4 h5 51. Bc6 h4 52. h3 Bf2 53. Kc3 Be3 54. Kb3 Kd4 55. Bd5 Bd2 56. Ka4 Be1 57. Kb3 Kd3 58. Ka4 Bc3 59. Kb3 Bb4 60. Ka4 Kc3 61. Be6 Kd4 62. Bd5 f3 63. gxf3 Ke3 64. Kb5 Kf4 65. Ka4 1/2-1/2

[Event "Staufer op-A 28th"]
[Site "Schwaebisch Gmuend"]
[Date "2016.01.02"]
[Round "2"]
[White "Krassowizkij, Jaroslaw"]
[Black "Klimentov, Roman"]
[Result "1/2-1/2"]
[WhiteElo "2457"]
[BlackElo "2248"]
[PlyCount "92"]
[EventDate "2016.01.02"]
[EventType "swiss"]
[EventRounds "9"]
[EventCountry "GER"]
[SourceTitle "CBM 170 Extra"]
[Source "ChessBase"]
[SourceDate "2016.02.25"]
[SourceVersion "1"]
[SourceVersionDate "2016.02.25"]
[SourceQuality "1"]

1. d4 Nf6 2. c4 g6 3. Nc3 Bg7 4. e4 d6 5. Nf3 0-0 6. Be2 e5 7. 0-0 Nc6 8. d5 Ne7 9. Ne1 Nd7 10. Be3 f5 11. f3 f4 12. Bf2 g5 13. a4 Ng6 14. a5 a6 15. Nd3 Rf7 16. c5 Bf8 17. c6 Nf6 18. cxb7 Bxb7 19. b4 Rg7 20. b5 axb5 21. Nb4 Ne7 22. Bxb5 g4 23. Bh4 Rg6 24. a6 Bc8 25. a7 gxf3 26. Qxf3 Bg4 27. Qd3 Qc8 28. Nc6 Bh3 29. Rf2 Qg4 30. Bg3 fxg3 31. hxg3 Bxg2 32. Rxg2 Nh5 33. Nxe7+ Bxe7 34. Bc6 Nf4 35. Bxa8 Nxd3 36. Bc6 Qf3 37. a8Q+ Kg7 38. Rf1 Qe3+ 39. Kh1 Rh6+ 40. Rh2 Nf2+ 41. Rfxf2 Qe1+ 42. Kg2 Rxh2+ 43. Kxh2 Qxf2+ 44. Kh3 Qf1+ 45. Kh2 Qf2+ 46. Kh3 Qf1+ 1/2-1/2